[Event "Wch U20 55th"]
[Site "Bhubaneswar"]
[Date "2016.08.15"]
[Round "8"]
[White "Subramaniam, Shreyes"]
[Black "Salles, Louis"]
[Result "1-0"]
[WhiteElo "1863"]
[BlackElo "2235"]
[PlyCount "79"]
[EventDate "2016.08.08"]
[EventType "swiss"]
[EventRounds "13"]
[EventCountry "IND"]
[SourceTitle "CBM 173 Extra"]
[Source "ChessBase"]
[SourceDate "2016.08.29"]
[SourceVersion "1"]
[SourceVersionDate "2016.08.29"]
[SourceQuality "1"]

1. e4 e6 2. d4 d5 3. Nc3 Nf6 4. Bg5 dxe4 5. Nxe4 Be7 6. Bxf6 gxf6 7. Nf3 f5 8. Nc3 a6 9. Bc4 Qd6 10. Qe2 Nd7 11. 0-0-0 b5 12. Bb3 Bb7 13. Rhe1 b4 14. Na4 c6 15. Nc5 Nxc5 16. dxc5 Qf4+ 17. Kb1 Bc8 18. Ne5 0-0 19. g3 Qh6 20. Nxc6 Bf6 21. g4 f4 22. g5 Bxg5 23. h4 Bf6 24. Ne5 Bg7 25. Ng4 Qg6 26. Rg1 Kh8 27. Qf3 Ra7 28. Qxf4 f5 29. h5 Qxh5 30. Ne5 Qe8 31. c6 a5 32. Ba4 Qe7 33. Qh2 Rf6 34. Ng6+ Rxg6 35. Rxg6 Kg8 36. Rxg7+ Kxg7 37. Rg1+ Kf6 38. Qh4+ Ke5 39. Re1+ Kd5 40. Rd1+ 1-0

[Event "Wch U20 55th"]
[Site "Bhubaneswar"]
[Date "2016.08.12"]
[Round "5"]
[White "Nihal, Sarin"]
[Black "Subramaniam, Shreyes"]
[Result "1/2-1/2"]
[WhiteElo "2358"]
[BlackElo "1863"]
[PlyCount "215"]
[EventDate "2016.08.08"]
[EventType "swiss"]
[EventRounds "13"]
[EventCountry "IND"]
[SourceTitle "CBM 173 Extra"]
[Source "ChessBase"]
[SourceDate "2016.08.29"]
[SourceVersion "1"]
[SourceVersionDate "2016.08.29"]
[SourceQuality "1"]

1. d4 d5 2. c4 e6 3. Nf3 Nf6 4. Nc3 Be7 5. Bf4 0-0 6. e3 b6 7. Bd3 h6 8. 0-0 Bb7 9. Rc1 c5 10. dxc5 bxc5 11. cxd5 exd5 12. Nh4 d4 13. exd4 cxd4 14. Nb5 Nd5 15. Bc7 Nxc7 16. Rxc7 Ba6 17. Nf5 Bxb5 18. Nxe7+ Kh8 19. Rc8 Qxe7 20. Rxf8+ Qxf8 21. Bxb5 a6 22. Bc4 Qc5 23. Bxf7 Nc6 24. Qd2 Ne5 25. Rc1 Qd6 26. Bb3 Ng4 27. g3 Rf8 28. Rf1 d3 29. h3 Ne5 30. f4 Nd7 31. Bd1 Nc5 32. Bf3 Qd4+ 33. Qf2 Qc4 34. Qe3 Qb5 35. Rc1 Re8 36. Qxc5 d2 37. Rc4 Qxb2 38. Qf2 Qc1+ 39. Kg2 Qxc4 40. Qxd2 Rc8 41. Bd5 Qa4 42. Bb3 Qe4+ 43. Kh2 a5 44. h4 a4 45. Qd7 Ra8 46. Bd5 Qc2+ 47. Kh3 Rb8 48. Be6 Qe2 49. Qd6 Re8 50. Bf7 Qe7 51. Qg6 Rf8 52. Bc4 Rf6 53. Qd3 Rd6 54. Qf3 Qd7+ 55. f5 Qc6 56. Qxc6 Rxc6 57. Bb5 Rc5 58. Bxa4 Rxf5 59. Bb3 h5 60. Kg2 g6 61. a4 Rc5 62. Bd1 Rc3 63. Be2 Ra3 64. Bb5 Kg7 65. Kf2 Kf6 66. Be8 Kf5 67. Bd7+ Ke4 68. Bc6+ Ke5 69. Be8 Kf6 70. Bb5 Rb3 71. Be8 Rc3 72. Bb5 Kf5 73. Be8 Rd3 74. Bb5 Rd1 75. Be2 Rd2 76. Ke3 Ra2 77. Bf3 Rxa4 78. Kf2 Ra3 79. Kg2 Ra2+ 80. Kg1 Rb2 81. Kf1 Ke5 82. Kg1 Kd4 83. Ba8 Ke3 84. Bc6 Rf2 85. Bb7 Rf7 86. Bc6 Rf6 87. Bb7 Rf5 88. Kg2 Rb5 89. Bc6 Rb6 90. Bd5 Rb2+ 91. Kg1 Rb5 92. Bc6 Rc5 93. Bb7 g5 94. hxg5 Rxg5 95. Kh2 Kf2 96. Kh3 Rxg3+ 97. Kh4 Rb3 98. Bc6 Rc3 99. Be8 Kf3 100. Kxh5 Rc8 101. Bf7 Kf4 102. Kg6 Rc6+ 103. Kg7 Kg5 104. Kh8 Rh6+ 105. Kg7 Rd6 106. Kh8 Kf6 107. Bg8 Rd8 108. Kh7 1/2-1/2

[Event "Wch U20 55th"]
[Site "Bhubaneswar"]
[Date "2016.08.10"]
[Round "3"]
[White "Erigaisi, Arjun Kumar"]
[Black "Subramaniam, Shreyes"]
[Result "1-0"]
[WhiteElo "2337"]
[BlackElo "1863"]
[PlyCount "89"]
[EventDate "2016.08.08"]
[EventType "swiss"]
[EventRounds "13"]
[EventCountry "IND"]
[SourceTitle "CBM 173 Extra"]
[Source "ChessBase"]
[SourceDate "2016.08.29"]
[SourceVersion "1"]
[SourceVersionDate "2016.08.29"]
[SourceQuality "1"]

1. d4 d5 2. c4 e6 3. Nc3 Nf6 4. cxd5 exd5 5. Bg5 Be7 6. e3 h6 7. Bh4 0-0 8. Bd3 c6 9. Qc2 Na6 10. Bxa6 bxa6 11. Nf3 Be6 12. 0-0 Rc8 13. Na4 Ne4 14. Bxe7 Qxe7 15. Nd2 Nd6 16. Nc5 Bg4 17. Rfc1 Qg5 18. Nf1 a5 19. b3 h5 20. f4 Qe7 21. Qd2 Rfe8 22. h3 Bf5 23. Qxa5 g5 24. fxg5 Qxg5 25. Kh2 Kh8 26. Qe1 Rg8 27. Qg3 Qf6 28. Qf4 Rg6 29. a4 Rcg8 30. Ra2 Qg7 31. g3 h4 32. g4 Bxg4 33. hxg4 Rxg4 34. Qe5 Qxe5+ 35. dxe5 Nf5 36. Rf2 Ng3 37. Rcc2 R8g5 38. e6 fxe6 39. Nxe6 Re5 40. Rxc6 Nf5 41. Nf8 Ne7 42. Rh6+ Kg7 43. Rh7+ Kg8 44. Nd7 Re6 45. Rxe7 1-0

[Event "Penang op 6th"]
[Site "Penang"]
[Date "2014.12.12"]
[Round "9"]
[White "Marohom, De Leon Jr"]
[Black "Subramaniam, Shreyes"]
[Result "1-0"]
[WhiteElo "2267"]
[BlackElo "1828"]
[PlyCount "77"]
[EventDate "2014.12.08"]
[EventType "swiss"]
[EventRounds "9"]
[EventCountry "MAS"]
[SourceTitle "CBM 163 Extra"]
[Source "ChessBase"]
[SourceDate "2014.12.23"]
[SourceVersion "1"]
[SourceVersionDate "2014.12.23"]
[SourceQuality "1"]

1. e4 c5 2. Nf3 d6 3. d4 cxd4 4. Nxd4 Nf6 5. Nc3 a6 6. f4 e6 7. Be2 Be7 8. 0-0 Qc7 9. a4 0-0 10. a5 Nc6 11. Nb3 b5 12. axb6 Qxb6+ 13. Kh1 Bb7 14. Bd3 Nb4 15. Na5 Nxd3 16. cxd3 d5 17. Qe2 Bb4 18. e5 Nd7 19. Be3 d4 20. Nc4 Qc5 21. Bg1 Nb6 22. Nd6 Qc6 23. Nce4 Bxd6 24. Nxd6 Rad8 25. Bxd4 Nc8 26. Rac1 Qd5 27. Nxb7 Qxd4 28. Nxd8 Rxd8 29. Qe4 Qd7 30. Rc6 Ne7 31. Rxa6 Qc7 32. Ra8 Nc8 33. h3 g6 34. Qc4 Qb7 35. Qa6 Qd7 36. Rc1 Kg7 37. Raxc8 Rxc8 38. Qxc8 Qxd3 39. Qc4 1-0

[Event "Penang op 6th"]
[Site "Penang"]
[Date "2014.12.11"]
[Round "6"]
[White "Subramaniam, Shreyes"]
[Black "Menkinoski, Riste"]
[Result "0-1"]
[WhiteElo "1828"]
[BlackElo "2360"]
[PlyCount "92"]
[EventDate "2014.12.08"]
[EventType "swiss"]
[EventRounds "9"]
[EventCountry "MAS"]
[SourceTitle "CBM 163 Extra"]
[Source "ChessBase"]
[SourceDate "2014.12.23"]
[SourceVersion "1"]
[SourceVersionDate "2014.12.23"]
[SourceQuality "1"]

1. e4 e5 2. Nf3 d6 3. d4 Nd7 4. Nc3 Ngf6 5. Be2 Be7 6. 0-0 0-0 7. Be3 c6 8. h3 b5 9. a3 Bb7 10. dxe5 dxe5 11. Bg5 Qc7 12. Nh4 g6 13. Qc1 Nc5 14. Qe3 Ne6 15. Bh6 Rfd8 16. Nf5 gxf5 17. exf5 Ng7 18. g4 Nd5 19. Nxd5 cxd5 20. Qg3 Qd6 21. Bxg7 Kxg7 22. g5 Rg8 23. f4 exf4 24. Rxf4 Bxg5 25. Rg4 Qxg3+ 26. Rxg3 Kf6 27. Kf1 a6 28. a4 bxa4 29. Rxa4 Bc6 30. Rb4 Rab8 31. Rbg4 h5 32. Rd4 h4 33. Rc3 Bb5 34. Bxb5 Rxb5 35. Rc6+ Kxf5 36. Rxa6 Ke5 37. Rd1 Be3 38. Ke2 d4 39. c3 Rxb2+ 40. Kd3 Rb3 41. Ra5+ Kd6 42. Ra6+ Kc5 43. Ra5+ Kb6 44. Rda1 Rxc3+ 45. Ke4 f5+ 46. Ke5 Rc5+ 0-1

[Event "Penang op 6th"]
[Site "Penang"]
[Date "2014.12.10"]
[Round "5"]
[White "Galmandakh, Badrakh"]
[Black "Subramaniam, Shreyes"]
[Result "0-1"]
[WhiteElo "2262"]
[BlackElo "1828"]
[PlyCount "112"]
[EventDate "2014.12.08"]
[EventType "swiss"]
[EventRounds "9"]
[EventCountry "MAS"]
[SourceTitle "CBM 163 Extra"]
[Source "ChessBase"]
[SourceDate "2014.12.23"]
[SourceVersion "1"]
[SourceVersionDate "2014.12.23"]
[SourceQuality "1"]

1. e3 c5 2. f4 Nf6 3. Nf3 Nc6 4. b3 e6 5. Bb2 d6 6. Be2 Be7 7. 0-0 a6 8. Qe1 Qc7 9. Qg3 Rg8 10. c4 Bd7 11. Nc3 0-0-0 12. d4 cxd4 13. exd4 Nh5 14. Qf2 Nxf4 15. d5 Ne5 16. Nd4 Nfd3 17. Bxd3 Nxd3 18. Qd2 Nxb2 19. Rxf7 e5 20. Ne6 Bxe6 21. dxe6 Qc5+ 22. Kh1 Bf6 23. Qxb2 e4 24. Rxf6 gxf6 25. Nd5 Rde8 26. b4 Qc6 27. Qxf6 Rg6 28. Ne7+ Rxe7 29. Qxe7 e3 30. Rg1 e2 31. Qf8+ Kc7 32. Qf7+ Kc8 33. Qf8+ Kc7 34. Qf7+ Kc8 35. Qd7+ Qxd7 36. exd7+ Kxd7 37. Re1 Rg4 38. Rxe2 Rxc4 39. h3 Rxb4 40. Kh2 d5 41. g4 Re4 42. Rb2 b5 43. Kg3 Re3+ 44. Kh4 d4 45. Rxb5 d3 46. Rf5 Ke6 47. Rf8 Kd5 48. Rd8+ Ke4 49. g5 Kf3 50. Rd7 Ke2 51. Rxh7 d2 52. Rd7 Rd3 53. Re7+ Kf2 54. Rf7+ Kg2 55. g6 d1Q 56. g7 Rxh3+ 0-1

[Event "Penang op 6th"]
[Site "Penang"]
[Date "2014.12.10"]
[Round "4"]
[White "Subramaniam, Shreyes"]
[Black "Praveen Kumar, Chandrasekar"]
[Result "1-0"]
[WhiteElo "1828"]
[BlackElo "2251"]
[PlyCount "103"]
[EventDate "2014.12.08"]
[EventType "swiss"]
[EventRounds "9"]
[EventCountry "MAS"]
[SourceTitle "CBM 163 Extra"]
[Source "ChessBase"]
[SourceDate "2014.12.23"]
[SourceVersion "1"]
[SourceVersionDate "2014.12.23"]
[SourceQuality "1"]

1. e4 e6 2. d4 d5 3. Nc3 Bb4 4. e5 c5 5. a3 Bxc3+ 6. bxc3 Ne7 7. Nf3 Qa5 8. Bd2 Nbc6 9. Bd3 Bd7 10. 0-0 c4 11. Be2 0-0 12. Ng5 f6 13. exf6 Rxf6 14. f4 Nf5 15. g4 Nd6 16. Bf3 Ne7 17. Qe1 Ng6 18. h4 Nf8 19. Qe5 Nf7 20. Nxf7 Rxf7 21. h5 Re8 22. g5 Ba4 23. Rac1 g6 24. Rf2 Bc6 25. Rh2 Qxa3 26. Qe3 a5 27. hxg6 Nxg6 28. Bh5 Qd6 29. Bxg6 hxg6 30. Rh6 Rg7 31. Kf2 Qf8 32. Qe5 Qf5 33. Qd6 Kf7 34. Qc7+ Re7 35. Qxa5 e5 36. dxe5 d4 37. Qc5 Qg4 38. Qxc4+ Re6 39. Qxd4 Qg2+ 40. Ke1 Kg8 41. Qf2 Qd5 42. Be3 Qe4 43. Rd1 Rd7 44. Rd4 Rxd4 45. cxd4 Re8 46. f5 Ra8 47. Rxg6+ Kf8 48. Rf6+ Ke8 49. Qe2 Ra2 50. Qh5+ Kd8 51. Rd6+ Kc8 52. Qh8+ 1-0

[Event "Penang op 6th"]
[Site "Penang"]
[Date "2014.12.09"]
[Round "2"]
[White "Subramaniam, Shreyes"]
[Black "Tan, Fischer"]
[Result "1-0"]
[WhiteElo "1828"]
[BlackElo "1461"]
[PlyCount "47"]
[EventDate "2014.12.08"]
[EventType "swiss"]
[EventRounds "9"]
[EventCountry "MAS"]
[SourceTitle "CBM 163 Extra"]
[Source "ChessBase"]
[SourceDate "2014.12.23"]
[SourceVersion "1"]
[SourceVersionDate "2014.12.23"]
[SourceQuality "1"]

1. e4 d6 2. d4 e6 3. Nc3 c6 4. f4 h6 5. Nf3 Be7 6. Bd3 g5 7. h3 Nd7 8. Qe2 Nf8 9. Bd2 Ng6 10. f5 Nf8 11. 0-0-0 f6 12. Rhe1 e5 13. dxe5 fxe5 14. Be3 Nf6 15. Bc4 b5 16. Nxe5 bxc4 17. Nxc6 Qc7 18. Nxe7 Kxe7 19. Bd4 N8d7 20. Nd5+ Nxd5 21. exd5+ Ne5 22. Bxe5 Rd8 23. Bxd6+ Kxd6 24. Qe5+ 1-0

[Event "Wch U16"]
[Site "Durban"]
[Date "2014.09.23"]
[Round "6"]
[White "Cortes Orihuela, Javier"]
[Black "Subramaniam, Shreyes"]
[Result "1-0"]
[WhiteElo "2216"]
[BlackElo "1813"]
[PlyCount "45"]
[EventDate "2014.09.20"]
[EventType "swiss"]
[EventRounds "11"]
[EventCountry "RSA"]
[SourceTitle "CBM 162 Extra"]
[Source "ChessBase"]
[SourceDate "2014.10.17"]
[SourceVersion "1"]
[SourceVersionDate "2014.10.17"]
[SourceQuality "1"]

1. d4 d5 2. c4 e6 3. Nf3 Nf6 4. g3 Be7 5. Bg2 0-0 6. 0-0 dxc4 7. Qc2 Nbd7 8. Nbd2 Rb8 9. Nxc4 Nd5 10. Rd1 Nb4 11. Qb1 b5 12. Nce5 Nxe5 13. Nxe5 f6 14. Nf3 Bb7 15. a3 Na6 16. Be3 b4 17. axb4 Nxb4 18. Rxa7 f5 19. Qc1 Na6 20. Qc4 Nc5 21. Ne5 Bxg2 22. Kxg2 Qd6 23. Qxc5 1-0

[Event "Wch U16"]
[Site "Durban"]
[Date "2014.09.22"]
[Round "4"]
[White "Subramaniam, Shreyes"]
[Black "Wu, Christopher"]
[Result "0-1"]
[WhiteElo "1813"]
[BlackElo "2274"]
[PlyCount "68"]
[EventDate "2014.09.20"]
[EventType "swiss"]
[EventRounds "11"]
[EventCountry "RSA"]
[SourceTitle "CBM 162 Extra"]
[Source "ChessBase"]
[SourceDate "2014.10.17"]
[SourceVersion "1"]
[SourceVersionDate "2014.10.17"]
[SourceQuality "1"]

1. e4 c5 2. Nf3 d6 3. d4 cxd4 4. Nxd4 Nf6 5. Nc3 a6 6. Be3 e5 7. Nb3 Be6 8. Be2 Be7 9. 0-0 0-0 10. f4 exf4 11. Bxf4 Nc6 12. Bf3 Rc8 13. Nd5 Bxd5 14. exd5 Ne5 15. Kh1 Nfd7 16. Nd4 Bg5 17. Bxe5 Nxe5 18. b3 Rc3 19. Ne2 Re3 20. Nd4 Re8 21. c4 Rd3 22. Qc2 Rxd4 23. Qc3 Rd3 24. Qc2 Re3 25. Be4 g6 26. Rae1 Ng4 27. h3 R8xe4 28. Qxe4 Rxe4 29. Rxe4 f5 30. Re6 Ne3 31. Re1 f4 32. b4 Qb6 33. R1xe3 fxe3 34. a3 Qd4 0-1

[Event "Wch U16"]
[Site "Durban"]
[Date "2014.09.20"]
[Round "1"]
[White "Subramaniam, Shreyes"]
[Black "Song, Edward"]
[Result "1-0"]
[WhiteElo "1813"]
[BlackElo "2323"]
[PlyCount "100"]
[EventDate "2014.09.20"]
[EventType "swiss"]
[EventRounds "11"]
[EventCountry "RSA"]
[SourceTitle "CBM 162 Extra"]
[Source "ChessBase"]
[SourceDate "2014.10.17"]
[SourceVersion "1"]
[SourceVersionDate "2014.10.17"]
[SourceQuality "1"]

1. e4 c5 2. Nf3 d6 3. d4 cxd4 4. Nxd4 Nf6 5. Nc3 a6 6. Be3 Ng4 7. Bc1 Nf6 8. Be2 e5 9. Nb3 Be7 10. 0-0 0-0 11. Be3 Be6 12. f4 exf4 13. Bxf4 Nc6 14. Bf3 Ne5 15. Nd5 Bxd5 16. exd5 Nfd7 17. Nd4 Bg5 18. Be4 Bxf4 19. Rxf4 g6 20. c3 Qe7 21. Qf1 Rae8 22. Re1 Qd8 23. Re2 Qg5 24. Qf2 Nc5 25. h4 Qd8 26. Qg3 Ned7 27. h5 Nxe4 28. Rfxe4 Rxe4 29. Rxe4 Nf6 30. Rh4 Nxd5 31. hxg6 fxg6 32. Ne6 Qb6+ 33. Rd4 Re8 34. Ng5 Re5 35. Nf3 Rf5 36. Nh4 Rf4 37. Nf3 Rxd4 38. Nxd4 Qxb2 39. Qe1 Kg7 40. Ne6+ Kf6 41. Nd4 Nf4 42. Qf1 Ke5 43. g3 Nh5 44. Qe1+ Kd5 45. Qe6+ Kc5 46. Nb3+ Kc6 47. Qe4+ Kb6 48. Qe3+ Kb5 49. Qe4 Qxa2 50. Qxb7+ Ka4 1-0

[Event "World ol U16 11th"]
[Site "Istanbul"]
[Date "2012.08.31"]
[Round "4.22"]
[White "Abdulla, Murad"]
[Black "Subramaniam, Shreyes"]
[Result "0-1"]
[WhiteElo "1929"]
[BlackElo "1814"]
[PlyCount "94"]
[EventDate "2012.08.29"]
[EventType "team-swiss"]
[EventRounds "10"]
[EventCountry "TUR"]
[SourceTitle "CBM 150 Extra"]
[Source "ChessBase"]
[SourceDate "2012.10.19"]
[SourceVersion "1"]
[SourceVersionDate "2012.10.19"]
[SourceQuality "1"]
[WhiteTeam "Scotland (U16)"]
[BlackTeam "Malaysia (U16)"]
[WhiteTeamCountry "SCO"]
[BlackTeamCountry "MAS"]

1. e4 e5 2. Nf3 Nc6 3. d4 exd4 4. Bc4 Bc5 5. c3 dxc3 6. Bxf7+ Kxf7 7. Qd5+ Kf8 8. Qxc5+ d6 9. Qxc3 Qf6 10. Bg5 Qxc3+ 11. Nxc3 Be6 12. 0-0 h6 13. Be3 Nf6 14. Rad1 Bg4 15. Rc1 Bxf3 16. gxf3 a6 17. Nd5 Rc8 18. Nxf6 gxf6 19. Kh1 Kf7 20. Rg1 h5 21. Rg3 Ne5 22. f4 Nc6 23. Rcg1 Rcg8 24. Rxg8 Rxg8 25. Rxg8 Kxg8 26. Kg2 f5 27. Kf3 Kf7 28. Bd2 Ke6 29. Ke3 fxe4 30. Kxe4 d5+ 31. Ke3 Kf5 32. f3 Ne7 33. Kd4 b6 34. b4 c6 35. a4 h4 36. h3 Ng6 37. b5 cxb5 38. axb5 axb5 39. Kxd5 Nxf4+ 40. Kc6 Nxh3 41. Kxb5 Nf2 42. Bb4 Kf4 43. Bd6+ Kxf3 44. Kxb6 h3 45. Be5 Ne4 46. Bh2 Kg2 47. Bf4 Ng3 0-1

[Event "World ol U16 11th"]
[Site "Istanbul"]
[Date "2012.08.29"]
[Round "1.3"]
[White "Nowicki, Bartosz"]
[Black "Subramaniam, Shreyes"]
[Result "1-0"]
[WhiteElo "2158"]
[BlackElo "1814"]
[PlyCount "113"]
[EventDate "2012.08.29"]
[EventType "team-swiss"]
[EventRounds "10"]
[EventCountry "TUR"]
[SourceTitle "CBM 150 Extra"]
[Source "ChessBase"]
[SourceDate "2012.10.19"]
[SourceVersion "1"]
[SourceVersionDate "2012.10.19"]
[SourceQuality "1"]
[WhiteTeam "Poland (U16)"]
[BlackTeam "Malaysia (U16)"]
[WhiteTeamCountry "POL"]
[BlackTeamCountry "MAS"]

1. e4 e5 2. Nf3 Nc6 3. Bb5 a6 4. Ba4 Nf6 5. 0-0 Be7 6. Re1 b5 7. Bb3 d6 8. c3 0-0 9. h3 Na5 10. Bc2 c5 11. d4 Qc7 12. Nbd2 Bb7 13. d5 b4 14. c4 Bc8 15. Bd3 Bd7 16. Nf1 Rab8 17. Ng3 b3 18. a3 Nb7 19. Nf5 Bxf5 20. exf5 Rfe8 21. g4 Bd8 22. Nd2 Na5 23. g5 Nd7 24. Qh5 Nf8 25. Ne4 Nd7 26. Kh1 Be7 27. f6 g6 28. Qg4 Bf8 29. Bd2 Nb7 30. h4 Nb6 31. Kg2 Qd7 32. Qg3 Rbc8 33. Rh1 Nxd5 34. cxd5 c4 35. Bb1 Nc5 36. h5 Nxe4 37. Bxe4 c3 38. Bxc3 Rc4 39. Rae1 Qa4 40. Qh4 Qd7 41. Qh3 Qxh3+ 42. Rxh3 Rec8 43. f3 h6 44. hxg6 fxg6 45. Bxg6 R8c5 46. Bf5 Rf4 47. Be6+ Kh7 48. Bf7 Rf5 49. g6+ Kh8 50. g7+ Bxg7 51. fxg7+ Kxg7 52. Be6 Rf6 53. Rg3+ Kh7 54. Kf2 Rc7 55. Reg1 Re7 56. Ke3 Rb7 57. Bb4 1-0